[Event "RSA-chT U20"]
[Site "Cape Town"]
[Date "2016.01.04"]
[Round "1.3"]
[White "Van der Westhuizen, Markus"]
[Black "Mokomele, Keoagile Rodney"]
[Result "1-0"]
[WhiteElo "1545"]
[BlackElo "1052"]
[PlyCount "84"]
[EventDate "2016.01.04"]
[EventType "team-tourn"]
[EventRounds "7"]
[EventCountry "RSA"]
[SourceTitle "CBM 170 Extra"]
[Source "ChessBase"]
[SourceDate "2016.02.25"]
[SourceVersion "1"]
[SourceVersionDate "2016.02.25"]
[SourceQuality "1"]
[WhiteTeam "Tshwane"]
[BlackTeam "Free State"]
[WhiteTeamCountry "RSA"]
[BlackTeamCountry "RSA"]

1. d4 d5 2. Nf3 g6 3. Bf4 Nf6 4. e3 Bf5 5. c4 c6 6. Nc3 Bg7 7. Qb3 Qb6 8. Qxb6 axb6 9. cxd5 cxd5 10. Bb5+ Nc6 11. 0-0 0-0 12. a3 Rac8 13. h3 Na5 14. Ne5 Rfd8 15. Na4 Nb3 16. Nxb6 Nxa1 17. Nxc8 Rxc8 18. Rxa1 Rc2 19. b4 Ne4 20. Bd3 Rc3 21. Bb5 Nd6 22. Bd7 e6 23. Nxg6 hxg6 24. Bxd6 Rb3 25. a4 Bf8 26. Bc5 b6 27. Bxb6 Bxb4 28. a5 Bc3 29. Ra4 Bc2 30. Kh2 Be1 31. a6 Bxf2 32. a7 Rxe3 33. a8Q+ Kg7 34. Qb8 Re1 35. Ra8 Bg1+ 36. Kg3 Re3+ 37. Kh4 Bf2+ 38. g3 g5+ 39. Kxg5 Rxg3+ 40. Qxg3 Bxg3 41. Ra7 Bb8 42. Rb7 Bf4+ 1-0